Famous Hiphop Albums’ Top 10 Songs - Statistics

General Stats
  • This quiz has been taken 35 times
  • The average score is 20 of 100
Answer Stats
Albums Songs % Correct
2 Runaway
67%
4 SICKO MODE
67%
3 Devil In A New Dress
57%
9 Without Me
57%
3 i
50%
5 Monster
50%
My Beautiful Dark Twisted Fantasy 1 All Of The Lights
47%
8 Alright
47%
3 ASTROTHUNDER
47%
9 Dark Fantasy
47%
4 Power
47%
10 Sticky
47%
To Pimp A Butterfly 1 The Blacker The Berry
47%
4 Wesley’s Theory
47%
10 Hell Of A Life
43%
2 u
43%
7 Like Him
40%
2 St.Chroma
40%
The Eminem Show 1 Till’ I Collapse
40%
6 Blame Game
37%
5 How Much A Dollar Cost?
37%
6 Mortal Man
37%
8 SKELETONS
37%
5 God’s Plan
33%
9 King Kunta
33%
6 Noid
33%
3 RATHER LIE
33%
3 Darling, I
30%
8 Gorgeous
30%
4 Rah Tah Tah
30%
3 Sing For The Moment
30%
2 STARGAZING
30%
7 These Walls
30%
CHROMAKOPIA 1 Thought I Was Dead
30%
5 White America
30%
10 You Ain’t Gotta Lie
30%
7 Soldier
27%
4 Business
23%
6 Cleanin’ Out My Closet
23%
2 GOOD CREDIT
23%
10 Square Dance
23%
6 CAROUSEL
20%
ASTROWORLD 1 NO BYSTANDERS
20%
7 So Apalled
20%
9 COFFEE BEAN
17%
8 I Hope You Find Your Way Home
17%
9 I Killed You
17%
7 Wishing Well
17%
7 YOSEMITE
17%
9 Come & Go
13%
7 TOXIC
13%
2 21
10%
10 HOUSTONFORNICATION
10%
Scorpion 1 Nice For What
10%
3 Nonstop
10%
MUSIC 1 RADAR
10%
5 R.I.P. SCREW
10%
5 Take Your Mask Off
10%
9 TWIN TRIM
10%
9 X
10%
6 33
7%
8 CHARGE DEM HOES A FEE
7%
6 EVIL J0RDAN
7%
8 Flex
7%
2 Hate The Otherside
7%
2 In My Feelings
7%
5 Life’s A Mess
7%
5 Martin & Gina
7%
4 Mob Ties
7%
Legends Never Die 1 Righteous
7%
6 Sandra’s Rose
7%
8 Say Goodbye Hollywood
7%
3 Smile
7%
6 Stay High
7%
10 Tell Me U Luv Me
7%
4 444+222
3%
5 BACKD00R
3%
8 Bad Energy
3%
10 Be Something
3%
10 COCAINE NOSE
3%
10 Dark Queen
3%
7 Don’t Believe The Hype
3%
6 Early 20 Rager
3%
4 Fighting Demons
3%
8 For Real
3%
4 Go Stupid
3%
9 Heartless
3%
The Goat 1 I Know
3%
8 Is There More
3%
5 Neon Guts
3%
7 No Sleep Leak
3%
3 Sauce It Up
3%
7 Talk Up
3%
Luv Is Rage 2 1 The Way Life Goes
3%
4 WE NEED ALL DA VIBES
3%
3 Wishing For A Hero
3%
2 Hailie’s Songs
0%
9 Jaded
0%
10 March 14
0%
2 XO Tour Llif3
0%
No matching quizzes found
Score Distribution
Percent of People with Each Score
Percentile by Number Answered
Your Score History
You have not taken this quiz